[Event "Championnat de France - Vétérans"]
[Site "NANCY"]
[Date "2013.08.20"]
[Round "8.9"]
[White "Guillaumat, Jean-Pierre"]
[Black "Rosenfeld, Imre"]
[Result "1/2-1/2"]
[WhiteElo "1863"]
[BlackElo "1896"]
[PlyCount "88"]
[EventDate "2013.??.??"]

1. d4 d5 2. Nf3 Nf6 3. Bf4 e6 4. e3 Bd6 5. Bg3 O-O 6. c4 c6 7. Nbd2 b6 8. Bd3
Bb7 9. Rc1 Re8 10. O-O Bxg3 11. hxg3 Nbd7 12. Bb1 Rc8 13. Qc2 Nf8 14. Rfd1 Qe7
15. Qa4 Ba8 16. c5 b5 17. Qc2 N6d7 18. b4 f5 19. Ne5 Bb7 20. Ndf3 Ra8 21. a4 a6
22. a5 Nf6 23. Qe2 N8d7 24. Bd3 Rad8 25. Kf1 Ne4 26. Nxd7 Qxd7 27. Ne5 Qc7 28.
Qh5 g6 29. Qh3 Ng5 30. Qh4 Nf7 31. f4 Nxe5 32. fxe5 Qe7 33. Ke2 Bc8 34. Qh6 Qg7
35. Rh1 Qxh6 36. Rxh6 Re7 37. Rch1 Rf8 38. Kf3 Bd7 39. Kf4 Rg7 40. Kg5 Be8 41.
Rf1 Bd7 42. Kf4 Rgf7 43. Be2 Rg7 44. Kf3 Be8 1/2-1/2

[Event "Championnat de France - Vétérans"]
[Site "NANCY"]
[Date "2013.08.20"]
[Round "8.10"]
[White "Violeau, Jean-Luc"]
[Black "Duval, Michel"]
[Result "1-0"]
[WhiteElo "1902"]
[BlackElo "1724"]
[PlyCount "115"]
[EventDate "2013.??.??"]

1. Nf3 Nf6 2. c4 c5 3. Nc3 Nc6 4. d4 cxd4 5. Nxd4 g6 6. e4 Bg7 7. Be3 O-O 8.
Be2 a6 9. O-O e5 10. Nc2 d6 11. Qd2 Qd7 12. Rfd1 Re8 13. Qxd6 Qxd6 14. Rxd6 Rd8
15. Rad1 Rxd6 16. Rxd6 Be6 17. f3 Rd8 18. Rxd8+ Nxd8 19. Bg5 Nc6 20. Nd5 Nd7
21. Ne7+ Nxe7 22. Bxe7 Bf8 23. Bxf8 Kxf8 24. Ne3 Ke7 25. Kf2 h5 26. Nd5+ Kd6
27. b4 Nb8 28. Ne3 Nc6 29. Nc2 a5 30. a3 b6 31. Ke3 f5 32. g3 fxe4 33. fxe4 Nd8
34. Ne1 Nc6 35. Nc2 Nd8 36. Kd3 Nb7 37. Kc3 Kc6 38. Ne3 Nd6 39. Bd3 Nc8 40. Nd5
Bf7 41. Kb3 Nd6 42. Ka4 Nb7 43. Ne7+ Kd7 44. Nd5 Kc6 45. Ne3 Be8 46. c5 Kc7+
47. Bb5 Bxb5+ 48. Kxb5 axb4 49. axb4 bxc5 50. bxc5 Nd8 51. Nc4 Nf7 52. Nd6
Nxd6+ 53. cxd6+ Kxd6 54. Kb6 g5 55. h3 Ke7 56. Kc5 Ke6 57. Kc6 h4 58. g4 1-0

[Event "Championnat de France - Vétérans"]
[Site "NANCY"]
[Date "2013.08.21"]
[Round "9.1"]
[White "Hodot, Yves"]
[Black "Giffard, Nicolas"]
[Result "0-1"]
[WhiteElo "1928"]
[BlackElo "2337"]
[PlyCount "66"]
[EventDate "2013.??.??"]

1. e4 c6 2. d4 d5 3. e5 Bf5 4. Nc3 e6 5. g4 Bg6 6. Nh3 c5 7. Bg5 Qd7 8. Be3
cxd4 9. Bxd4 Ne7 10. f4 Nec6 11. Bb5 Be7 12. O-O O-O 13. f5 exf5 14. Nf4 fxg4
15. Ncxd5 a6 16. Be2 Bf5 17. c3 Bd8 18. Ne3 Nxd4 19. cxd4 Nc6 20. Nxf5 Qxf5 21.
Bxg4 Qe4 22. e6 Bb6 23. exf7+ Rxf7 24. Qf3 Rxf4 25. Qxe4 Rxe4 26. Bf3 Rxd4 27.
Kh1 Rd2 28. Rac1 Rc8 29. Bg4 Rcd8 30. Be6+ Kh8 31. Rf7 Ne5 32. Rf5 Ng4 33. Rcf1
Rxh2# 0-1

[Event "Championnat de France - Vétérans"]
[Site "NANCY"]
[Date "2013.08.21"]
[Round "9.2"]
[White "Goldenberg, Richard"]
[Black "Andrieu, Philippe"]
[Result "1-0"]
[WhiteElo "2301"]
[BlackElo "1925"]
[PlyCount "89"]
[EventDate "2013.??.??"]

1. Nf3 c5 2. c4 Nf6 3. Nc3 b6 4. g3 Bb7 5. Bg2 a6 6. O-O Qc7 7. Re1 e6 8. e4 d6
9. d4 cxd4 10. Nxd4 Be7 11. b3 Nbd7 12. Bb2 O-O 13. Rc1 Ne5 14. f4 Rad8 15. Qe2
Qc5 16. Na4 Qc7 17. fxe5 dxe5 18. Nc2 Bc6 19. Nc3 Bc5+ 20. Kh1 h5 21. Rf1 Rd7
22. b4 Bd4 23. Nxd4 exd4 24. Nb1 e5 25. Rxf6 gxf6 26. Qxh5 b5 27. Qg4+ Kh8 28.
Rf1 Rg8 29. Qh4+ Kg7 30. Qxf6+ Kf8 31. c5 Re7 32. Nd2 Qc8 33. Qh6+ Ke8 34. Rf6
Bd7 35. Rxa6 Be6 36. Rb6 Qc7 37. Nb3 Bxb3 38. axb3 Rd7 39. Bc1 d3 40. Bd2 Qa7
41. Ra6 Qb8 42. Bh3 Rc7 43. Qd6 Qb7 44. Bf5 Rc8 45. Qxe5+ 1-0

[Event "Championnat de France - Vétérans"]
[Site "NANCY"]
[Date "2013.08.21"]
[Round "9.3"]
[White "Belluire, Patrice"]
[Black "Ricter, Jean-Paul"]
[Result "1/2-1/2"]
[WhiteElo "1899"]
[BlackElo "2060"]
[PlyCount "101"]
[EventDate "2013.??.??"]

1. e4 d6 2. d4 Nd7 3. Nf3 e5 4. Nc3 Ngf6 5. h3 Be7 6. Be2 O-O 7. O-O c6 8. a4
b6 9. Be3 Bb7 10. Qd2 Qc7 11. dxe5 dxe5 12. Qc1 a6 13. Nd2 b5 14. axb5 axb5 15.
Rxa8 Rxa8 16. f4 b4 17. Nd1 Bc5 18. Bxc5 Nxc5 19. fxe5 Qxe5 20. Nf2 Ncxe4 21.
Ndxe4 Nxe4 22. Qe3 Re8 23. Rd1 g6 24. Nxe4 Qxe4 25. Qxe4 Rxe4 26. Rd8+ Kg7 27.
Bd3 Re7 28. b3 Kf6 29. Kf2 Ke5 30. Bc4 f5 31. g3 c5 32. Bd3 Bd5 33. Ke3 Be6 34.
h4 Kf6 35. Kf4 h6 36. Rf8+ Rf7 37. Rd8 g5+ 38. hxg5+ hxg5+ 39. Kf3 Ke5 40. Rg8
Bd5+ 41. Kf2 g4 42. Ke3 Be6 43. Re8 Kf6 44. Kf4 Rc7 45. Rf8+ Kg7 46. Re8 Kf6
47. Rf8+ Kg7 48. Re8 Kf7 49. Rh8 Kg7 50. Re8 Kf6 51. Rf8+ 1/2-1/2

[Event "Championnat de France - Vétérans"]
[Site "NANCY"]
[Date "2013.08.21"]
[Round "9.4"]
[White "Audiffren, Roger"]
[Black "Dubreuil, Remy"]
[Result "1-0"]
[WhiteElo "1971"]
[BlackElo "1817"]
[PlyCount "63"]
[EventDate "2013.??.??"]

1. e4 e6 2. d4 d5 3. e5 c5 4. c3 Bd7 5. Nf3 Nc6 6. Be2 Nge7 7. dxc5 Ng6 8. b4
a5 9. b5 Ncxe5 10. Nxe5 Nxe5 11. Qd4 Ng6 12. h4 Qc7 13. Ba3 e5 14. Qe3 Nf4 15.
O-O Nxe2+ 16. Qxe2 Bxc5 17. Bxc5 Qxc5 18. Qxe5+ Be6 19. Qxg7 O-O-O 20. Qd4 b6
21. Nd2 Qd6 22. Rfe1 Rhg8 23. Qe5 Qe7 24. Nf3 Rg4 25. g3 Rdg8 26. Ng5 Qc5 27.
Qe3 Qd6 28. Qe5 Qc5 29. Re3 Kb7 30. Rae1 Re8 31. Qf6 Qxb5 32. Nxf7 1-0

[Event "Championnat de France - Vétérans"]
[Site "NANCY"]
[Date "2013.08.21"]
[Round "9.5"]
[White "Cortes, Jaime"]
[Black "Leitner, Walter"]
[Result "0-1"]
[WhiteElo "1892"]
[BlackElo "2089"]
[Annotator "Rivier,Sylvain"]
[PlyCount "52"]
[EventDate "2013.??.??"]

1. d4 d5 2. c4 e6 3. Nf3 Nd7 4. cxd5 exd5 5. g3 c6 6. Bg2 Bd6 7. O-O Ngf6 8.
Bg5 h6 9. Bd2 O-O 10. Nc3 Re8 11. Nh4 Nf8 12. Qc2 Bb4 13. Rae1 Be6 14. a3 Bxc3
15. Bxc3 Qd7 16. f4 Bh3 17. f5 Bxf5 18. Nxf5 Ne4 19. Rf3 Nh7 20. h4 Nhf6 21.
Ref1 b6 22. Bd2 Nxd2 23. Qxd2 Re4 24. e3 c5 25. dxc5 bxc5 26. Rc1 Rc8 {suite
illisible} 0-1

[Event "Championnat de France - Vétérans"]
[Site "NANCY"]
[Date "2013.08.21"]
[Round "9.6"]
[White "Maury, Claude"]
[Black "Daigremont, Jean-Renaud"]
[Result "0-1"]
[WhiteElo "1840"]
[BlackElo "2033"]
[PlyCount "82"]
[EventDate "2013.??.??"]

1. d4 f5 2. Nf3 g6 3. e3 Nf6 4. Bd3 Bg7 5. Nbd2 O-O 6. O-O Nc6 7. c3 d5 8. Re1
Ne4 9. Bf1 e6 10. c4 g5 11. Nxe4 fxe4 12. Nd2 Qf6 13. f3 exf3 14. gxf3 Ne7 15.
Bg2 Nf5 16. Qe2 Bd7 17. Rb1 Rae8 18. Qd3 Kh8 19. b3 Nh4 20. Bh1 Bc6 21. c5 Qf7
22. Bb2 Rg8 23. Qf1 Ref8 24. Qh3 Bd7 25. Qg3 Bb5 26. a4 Bd3 27. Rbc1 Nf5 28.
Qf2 Bf6 29. Rc3 g4 30. Rxd3 gxf3+ 31. Kf1 Bh4 32. Qxf3 Bxe1 33. Kxe1 Qg6 34.
Kd1 Nh4 35. Qe2 Qg1+ 36. Kc2 Qxh1 37. Kc3 Rg2 38. Qh5 Qxh2 39. Bc1 Nf3 40. Qxh2
Rxh2 41. Nxf3 Rxf3 0-1

[Event "Championnat de France - Vétérans"]
[Site "NANCY"]
[Date "2013.08.21"]
[Round "9.7"]
[White "Tilquin, Jean-Pierre"]
[Black "Guillaumat, Jean-Pierre"]
[Result "1-0"]
[WhiteElo "1968"]
[BlackElo "1863"]
[PlyCount "109"]
[EventDate "2013.??.??"]

1. d4 d5 2. c4 e6 3. Nc3 Nf6 4. cxd5 exd5 5. Bg5 c6 6. e3 h6 7. Bh4 Be7 8. Bd3
O-O 9. Qc2 Nbd7 10. Nge2 Re8 11. f3 c5 12. O-O c4 13. Bf5 Nf8 14. Rad1 g6 15.
Bxc8 Rxc8 16. Kh1 g5 17. Bf2 Qd7 18. e4 Ng6 19. Ng3 Nf4 20. Nf5 Bf8 21. e5 Nh7
22. Ne3 Bb4 23. g3 Bxc3 24. gxf4 Bb4 25. f5 f6 26. e6 Qc6 27. Bg3 b5 28. Qg2
Qb7 29. Qh3 Bf8 30. Ng4 Qg7 31. Rc1 Rc6 32. Rfe1 a5 33. Re3 b4 34. Be1 Rec8 35.
Rc2 a4 36. Rce2 Be7 37. Nxh6+ Kf8 38. f4 a3 39. bxa3 c3 40. Rc2 bxa3 41. Rexc3
Rxc3 42. Rxc3 Rxc3 43. Bxc3 gxf4 44. Nf7 Ng5 45. Qh8+ Qg8 46. Bd2 Nxf7 47.
Qxg8+ Kxg8 48. exf7+ Kxf7 49. Bxf4 Bb4 50. Kg2 Ke7 51. Kf3 Bd6 52. Bxd6+ Kxd6
53. Kg4 Ke7 54. Kh5 Kf7 55. Kh6 1-0

[Event "Championnat de France - Vétérans"]
[Site "NANCY"]
[Date "2013.08.21"]
[Round "9.8"]
[White "Degrave, Jack"]
[Black "Ferrandi, Bernard"]
[Result "1-0"]
[WhiteElo "1961"]
[BlackElo "1765"]
[PlyCount "87"]
[EventDate "2013.??.??"]

1. e4 e5 2. Nf3 Nc6 3. d4 exd4 4. Nxd4 Qf6 5. Be3 Bc5 6. c3 Nge7 7. Bc4 Qg6 8.
O-O Ne5 9. Be2 Qxe4 10. Nd2 Qg6 11. f4 Nd5 12. Bh5 Qd3 13. fxe5 Qxe3+ 14. Kh1
O-O 15. N2b3 Bb6 16. Nf5 Qxe5 17. Qxd5 Qf6 18. Rae1 c6 19. Qd3 Qg5 20. Ne7+ Kh8
21. Bxf7 d5 22. Bg6 Rxf1+ 23. Qxf1 Bg4 24. Bf5 Bh5 25. Bc2 Bc7 26. Qf5 Qh6 27.
Qh3 Qg5 28. Qf5 Qh6 29. Re6 Bg6 30. Nxg6+ hxg6 31. Qh3 Rf8 32. Qxh6+ gxh6 33.
Kg1 Bb6+ 34. Nd4 c5 35. Nf3 Rd8 36. Ne5 Kg7 37. Rxg6+ Kf8 38. Rxh6 Kg7 39. Rg6+
Kf8 40. Rh6 Kg7 41. Rh7+ Kg8 42. Rxb7 c4+ 43. Kf1 Bd4 44. Bh7+ 1-0

[Event "Championnat de France - Vétérans"]
[Site "NANCY"]
[Date "2013.08.21"]
[Round "9.9"]
[White "Zurano, Alberto"]
[Black "Violeau, Jean-Luc"]
[Result "1/2-1/2"]
[WhiteElo "1808"]
[BlackElo "1902"]
[PlyCount "81"]
[EventDate "2013.??.??"]

1. e4 e6 2. d4 d5 3. Nc3 Nf6 4. Bg5 Bb4 5. e5 h6 6. Bd2 Bxc3 7. Bxc3 Ne4 8. Bd2
c5 9. c3 Nc6 10. Nf3 Qb6 11. Qb3 c4 12. Qc2 Bd7 13. Bc1 Qc7 14. Bxc4 Nxf2 15.
Qxf2 dxc4 16. O-O O-O-O 17. Nd2 Ne7 18. Ne4 Nf5 19. g4 Bc6 20. Nd2 g6 21. Qf4
h5 22. gxf5 gxf5 23. Nf3 Rdg8+ 24. Ng5 h4 25. h3 Rh5 26. Kh2 Rgxg5 27. Qxg5
Rxg5 28. Bxg5 Qd7 29. Bxh4 b5 30. a3 Qd5 31. Rf2 Qe4 32. Bg3 a5 33. Rd1 Kb7 34.
Bf4 Qd5 35. h4 Qd8 36. Bg5 Qh8 37. Rg1 Qh5 38. Kh3 Bf3 39. Bf6 Bg4+ 40. Kg3 Qg6
41. Kf4 1/2-1/2

[Event "Championnat de France - Vétérans"]
[Site "NANCY"]
[Date "2013.08.21"]
[Round "9.10"]
[White "Biguet, Jean-Claude"]
[Black "Peyrin, Jean"]
[Result "0-1"]
[WhiteElo "1708"]
[BlackElo "1899"]
[PlyCount "38"]
[EventDate "2013.??.??"]

1. e4 c5 2. c3 Nf6 3. e5 Nd5 4. d4 cxd4 5. cxd4 e6 6. Bc4 Nb6 7. Bb3 d5 8. Nf3
Be7 9. O-O Nc6 10. Nc3 Bd7 11. a3 Na5 12. Bc2 Rc8 13. Qd3 Qc7 14. Nd2 Nac4 15.
Nxc4 Nxc4 16. b3 Nxe5 17. Nxd5 exd5 18. dxe5 Qxc2 19. Qg3 Qg6 0-1

[Event "Championnat de France - Vétérans"]
[Site "NANCY"]
[Date "2013.08.22"]
[Round "10.1"]
[White "Giffard, Nicolas"]
[Black "Audiffren, Roger"]
[Result "1-0"]
[WhiteElo "2337"]
[BlackElo "1971"]
[PlyCount "115"]
[EventDate "2013.??.??"]

1. Nf3 Nf6 2. g3 d5 3. Bg2 c6 4. d3 e6 5. O-O Be7 6. Nbd2 O-O 7. e4 Nbd7 8. Qe2
b6 9. Re1 Ba6 10. e5 Ne8 11. Nf1 Rc8 12. h4 c5 13. Bg5 Bxg5 14. hxg5 Nc7 15.
Qe3 d4 16. Qf4 Nd5 17. Qh4 Nb4 18. Rac1 Bb7 19. a3 Bxf3 20. Bxf3 Nc6 21. Bxc6
Rxc6 22. Re4 Qc7 23. Rce1 Rc8 24. Nh2 Nf8 25. Ng4 Qd8 26. Kg2 h6 27. gxh6 Qxh4
28. gxh4 gxh6 29. Nxh6+ Kg7 30. Ng4 Nh7 31. Rf4 b5 32. Kf3 Rg8 33. Rg1 Rf8 34.
Nf6+ Kh8 35. Nd7 Rg8 36. Rg3 Rg7 37. Ke4 Rc7 38. Rxg7 Kxg7 39. Rg4+ Kh6 40. Nf6
a5 41. Rg8 Nxf6+ 42. exf6 c4 43. Kxd4 cxd3 44. Kxd3 Kh5 45. Rg5+ Kxh4 46. Rxb5
Kg4 47. Rxa5 Kf3 48. Ra8 Rd7+ 49. Kc3 Rc7+ 50. Kd2 Rd7+ 51. Kc1 Kxf2 52. Re8
Ke2 53. b4 Rd1+ 54. Kb2 Rf1 55. b5 Rxf6 56. b6 Rf5 57. a4 Rf4 58. Kb3 1-0

[Event "Championnat de France - Vétérans"]
[Site "NANCY"]
[Date "2013.08.22"]
[Round "10.2"]
[White "Belluire, Patrice"]
[Black "Goldenberg, Richard"]
[Result "0-1"]
[WhiteElo "1899"]
[BlackElo "2301"]
[PlyCount "54"]
[EventDate "2013.??.??"]

1. d4 c5 2. c3 e6 3. Bf4 Nf6 4. e3 d5 5. Bxb8 Rxb8 6. Qa4+ Bd7 7. Qxa7 Ra8 8.
Qxb7 cxd4 9. exd4 Rb8 10. Qa6 Rxb2 11. Nf3 Ne4 12. Ne5 Bd6 13. Nxd7 Qxd7 14. a4
O-O 15. Bb5 Qe7 16. Be2 Qh4 17. g3 Bxg3 18. fxg3 Nxg3 19. hxg3 Qxh1+ 20. Kf2
Rxb1 21. Rxb1 Qxb1 22. a5 h5 23. Qa7 Qf5+ 24. Kg2 Qc2 25. Kf2 Qxc3 26. a6 e5
27. Bb5 Qb2+ 0-1

[Event "Championnat de France - Vétérans"]
[Site "NANCY"]
[Date "2013.08.22"]
[Round "10.3"]
[White "Ricter, Jean-Paul"]
[Black "Daigremont, Jean-Renaud"]
[Result "1-0"]
[WhiteElo "2060"]
[BlackElo "2033"]
[PlyCount "83"]
[EventDate "2013.??.??"]

1. e4 c5 2. d4 cxd4 3. c3 Nf6 4. e5 Nd5 5. Qxd4 e6 6. Nf3 Nc6 7. Qe4 f5 8. Qe2
b5 9. g3 a5 10. Bg2 Ba6 11. O-O b4 12. c4 Bc5 13. Rd1 Rc8 14. Qc2 Nb6 15. b3
O-O 16. Nbd2 Qc7 17. Bb2 a4 18. Rac1 a3 19. Ba1 Rcd8 20. Nf1 Nc8 21. Rd3 N8e7
22. Re1 Ng6 23. h4 f4 24. g4 Rf7 25. h5 Nf8 26. Ng5 Re7 27. Nd2 Qa7 28. Nde4
Bd4 29. Bxd4 Nxd4 30. Qd2 f3 31. Nxf3 Nxf3+ 32. Bxf3 Bb7 33. Qg5 Bxe4 34. Qxe7
Bxd3 35. Qxd8 Qd4 36. Qg5 Qb2 37. Qe3 Bb1 38. Re2 Bxa2 39. Rxb2 axb2 40. Be4
b1=Q+ 41. Bxb1 Bxb1 42. Qe1 1-0

[Event "Championnat de France - Vétérans"]
[Site "NANCY"]
[Date "2013.08.22"]
[Round "10.4"]
[White "Leitner, Walter"]
[Black "Degrave, Jack"]
[Result "0-1"]
[WhiteElo "2089"]
[BlackElo "1961"]
[PlyCount "92"]
[EventDate "2013.??.??"]

1. d4 d5 2. Nf3 e6 3. e3 Nd7 4. Bd3 f5 5. O-O Bd6 6. b3 Ngf6 7. Ba3 Bxa3 8.
Nxa3 O-O 9. c4 Ne4 10. Rc1 c6 11. Qc2 Rf6 12. Nb1 Rh6 13. g3 Qe8 14. Kg2 Qh5
15. h4 Ndf6 16. Ne5 Bd7 17. Rh1 Rf8 18. Be2 Qe8 19. f3 Nd6 20. g4 fxg4 21. fxg4
Nfe4 22. Bf3 Rhf6 23. Rcf1 Nf7 24. Bxe4 dxe4 25. Rxf6 gxf6 26. Nxd7 Qxd7 27.
Qxe4 c5 28. Rf1 Nd6 29. Qf3 cxd4 30. exd4 Kh8 31. Nc3 f5 32. g5 Rg8 33. Qf4 h6
34. Kf3 Qc6+ 35. d5 exd5 36. Qe5+ Kh7 37. cxd5 Qa6 38. Rd1 Rf8 39. Kf4 Qb6 40.
Qd4 Qc7 41. Kf3 Ne4 42. Nxe4 fxe4+ 43. Kg2 Qf4 44. g6+ Kg8 45. Kh3 Qf3+ 46. Kh2
Rf4 0-1

[Event "Championnat de France - Vétérans"]
[Site "NANCY"]
[Date "2013.08.22"]
[Round "10.5"]
[White "Peyrin, Jean"]
[Black "Tilquin, Jean-Pierre"]
[Result "1/2-1/2"]
[WhiteElo "1899"]
[BlackElo "1968"]
[PlyCount "69"]
[EventDate "2013.??.??"]

1. d4 Nf6 2. c4 g6 3. Nf3 Bg7 4. g3 c6 5. Bg2 d5 6. cxd5 cxd5 7. O-O O-O 8. Nc3
Ne4 9. Bf4 Nxc3 10. bxc3 Nc6 11. Qb3 Qd7 12. Qa3 b6 13. Rac1 Na5 14. Nd2 Ba6
15. Nb3 Bxe2 16. Nxa5 Bxf1 17. Bxf1 bxa5 18. Qxa5 Qc6 19. Ba6 Qb6 20. Qa3 Rfe8
21. Rc2 e5 22. Rb2 Qe6 23. dxe5 Bxe5 24. Be3 Reb8 25. Bb7 Qd7 26. Bxa8 Rxa8 27.
Bd4 Bxd4 28. cxd4 Rc8 29. Re2 Re8 30. Rxe8+ Qxe8 31. Qxa7 Qe1+ 32. Kg2 Qe4+ 33.
Kg1 Qe1+ 34. Kg2 Qe4+ 35. Kg1 1/2-1/2

[Event "Championnat de France - Vétérans"]
[Site "NANCY"]
[Date "2013.08.22"]
[Round "10.6"]
[White "Andrieu, Philippe"]
[Black "Hodot, Yves"]
[Result "0-1"]
[WhiteElo "1925"]
[BlackElo "1928"]
[PlyCount "88"]
[EventDate "2013.??.??"]

1. c4 f5 2. Nf3 g6 3. Nc3 Nf6 4. g3 Bg7 5. Bg2 O-O 6. O-O d6 7. d3 e5 8. Bg5 c6
9. Qd2 Qe8 10. Bxf6 Rxf6 11. e3 Bh6 12. Rfe1 Qf7 13. c5 Nd7 14. cxd6 g5 15. d4
Rxd6 16. Qc2 exd4 17. exd4 g4 18. Nh4 Nb6 19. Re5 Bg7 20. Rc5 Bxd4 21. Rxf5 Rf6
22. Rg5+ Kh8 23. Ne4 Be6 24. Rd1 Rd8 25. Rxd4 Rxd4 26. Nxf6 Qxf6 27. Rh5 h6 28.
Be4 Nd5 29. Ng6+ Kg7 30. Re5 Bf7 31. Rh5 Bxg6 32. Bxg6 Qxg6 33. Rf5 Ne7 34. Rc5
Qxc2 35. Rxc2 Ng6 36. Kg2 Ne5 37. h3 h5 38. Re2 Kf6 39. hxg4 hxg4 40. b3 Nf3
41. Re8 Rd1 42. Rf8+ Ke7 43. Rxf3 gxf3+ 44. Kxf3 Rd2 0-1

[Event "Championnat de France - Vétérans"]
[Site "NANCY"]
[Date "2013.08.22"]
[Round "10.7"]
[White "Dubreuil, Remy"]
[Black "Rosenfeld, Imre"]
[Result "1/2-1/2"]
[WhiteElo "1817"]
[BlackElo "1896"]
[PlyCount "26"]
[EventDate "2013.??.??"]

1. d4 d5 2. c4 c6 3. Nf3 Nf6 4. Bg5 e6 5. e3 Be7 6. Nc3 O-O 7. cxd5 cxd5 8. Rc1
b6 9. Nb5 Bb4+ 10. Nc3 Be7 11. Nb5 Bb4+ 12. Nc3 Be7 13. Nb5 Bb4+ 1/2-1/2

[Event "Championnat de France - Vétérans"]
[Site "NANCY"]
[Date "2013.08.22"]
[Round "10.8"]
[White "Violeau, Jean-Luc"]
[Black "Marbot, Raymond"]
[Result "1-0"]
[WhiteElo "1902"]
[BlackElo "1823"]
[PlyCount "109"]
[EventDate "2013.??.??"]

1. Nf3 Nf6 2. d4 e6 3. c4 Be7 4. Nc3 O-O 5. e4 d6 6. Bd3 Nc6 7. O-O e5 8. d5
Nb4 9. Be2 Na6 10. a3 Nc5 11. Qc2 a5 12. Be3 Na6 13. Ne1 Bg4 14. Nd3 Bxe2 15.
Qxe2 Nd7 16. b4 axb4 17. axb4 b6 18. Ra4 Qb8 19. Rfa1 Qb7 20. Qa2 Nxb4 21. Nxb4
Rxa4 22. Qxa4 Nc5 23. Qd1 Ra8 24. Nc6 Bf6 25. Qb1 Rxa1 26. Qxa1 Qa6 27. Qxa6
Nxa6 28. Nb5 Kf8 29. Kf1 Ke8 30. Ke2 Kd7 31. Kd3 h5 32. Nc3 Kc8 33. Ne2 Kb7 34.
Ng3 g6 35. h3 Nb8 36. Nxb8 Kxb8 37. Ne2 Kb7 38. Ng1 c6 39. Nf3 Be7 40. Ng5 f6
41. Nf3 g5 42. g4 hxg4 43. hxg4 b5 44. cxb5 cxb5 45. Kc3 Bd8 46. Kb3 Ba5 47.
Bd2 Bb6 48. Be1 Ka6 49. Ng1 Bc5 50. Ne2 Kb6 51. f3 Ka6 52. Ng3 Bb6 53. Nf5 Bc5
54. Bb4 Kb6 55. Nxd6 1-0

[Event "Championnat de France - Vétérans"]
[Site "NANCY"]
[Date "2013.08.22"]
[Round "10.9"]
[White "Tholey, Jean-Paul"]
[Black "Coussot, Jean-Claude"]
[Result "1-0"]
[WhiteElo "1884"]
[BlackElo "1811"]
[PlyCount "55"]
[EventDate "2013.??.??"]

1. d4 d5 2. c4 c6 3. Nf3 Nf6 4. Nc3 e6 5. e3 Be7 6. Qc2 Nbd7 7. Bd2 h6 8. Rc1
O-O 9. Bd3 Re8 10. O-O dxc4 11. Bxc4 Nb6 12. Bb3 Bd7 13. e4 Rc8 14. e5 Nh7 15.
Ne4 Nd5 16. a3 Rf8 17. Rfe1 Kh8 18. Qd3 f5 19. exf6 Nhxf6 20. Ne5 Be8 21. Bc2
Nxe4 22. Rxe4 Bg5 23. Rf4 Rf5 24. Rxf5 exf5 25. Qxf5 Nf6 26. Bxg5 hxg5 27. Qh3+
Kg8 28. Bb3+ 1-0

[Event "Championnat de France - Vétérans"]
[Site "NANCY"]
[Date "2013.08.22"]
[Round "10.10"]
[White "Zurano, Alberto"]
[Black "Cortes, Jaime"]
[Result "1/2-1/2"]
[WhiteElo "1808"]
[BlackElo "1892"]
[PlyCount "62"]
[EventDate "2013.??.??"]

1. e4 c5 2. Nf3 d6 3. d4 cxd4 4. Nxd4 Nf6 5. Nc3 a6 6. Be2 e6 7. Be3 Be7 8. Qd2
b5 9. a3 Bb7 10. f3 Nbd7 11. O-O Rc8 12. Rad1 O-O 13. Bd3 Ne5 14. Kh1 Nc4 15.
Bxc4 Rxc4 16. Nde2 Qa8 17. Bg5 Rd8 18. Qe3 Qb8 19. Rd2 Rc5 20. Rfd1 h6 21. Bf4
Nh5 22. Bxd6 Rxd6 23. Qxc5 Rxd2 24. Qxe7 Rxd1+ 25. Nxd1 Qc8 26. Ndc3 Nf6 27.
Kg1 Qc6 28. Kf1 Qc8 29. Kg1 Qc6 30. Kf1 Qc8 31. Kg1 Qc6 1/2-1/2

[Event "Championnat de France - Vétérans"]
[Site "NANCY"]
[Date "2013.08.23"]
[Round "11.1"]
[White "Violeau, Jean-Luc"]
[Black "Giffard, Nicolas"]
[Result "0-1"]
[WhiteElo "1902"]
[BlackElo "2337"]
[PlyCount "60"]
[EventDate "2013.??.??"]

1. Nf3 d5 2. d4 Nf6 3. c4 e6 4. Bg5 Be7 5. e3 h6 6. Bh4 O-O 7. Nc3 b6 8. Bd3
Bb7 9. O-O Nbd7 10. Rc1 a6 11. a3 c5 12. cxd5 Nxd5 13. Bxe7 Qxe7 14. Nxd5 exd5
15. dxc5 bxc5 16. b4 a5 17. bxc5 Nxc5 18. Be2 a4 19. Nd4 Rfc8 20. Bg4 Rd8 21.
Nf5 Qf8 22. Nd4 Ba6 23. Be2 Bxe2 24. Qxe2 Nb3 25. Rc3 Qxa3 26. Nxb3 axb3 27.
Qd3 Rdb8 28. Rb1 Qa2 29. Rbxb3 Rxb3 30. Rxb3 Qxb3 0-1

[Event "Championnat de France - Vétérans"]
[Site "NANCY"]
[Date "2013.08.23"]
[Round "11.2"]
[White "Goldenberg, Richard"]
[Black "Degrave, Jack"]
[Result "1-0"]
[WhiteElo "2301"]
[BlackElo "1961"]
[PlyCount "85"]
[EventDate "2013.??.??"]

1. Nf3 f5 2. c4 Nf6 3. g3 e6 4. Bg2 d5 5. O-O Bd6 6. d4 c6 7. Qc2 O-O 8. Nbd2
Ne4 9. Ne1 Qf6 10. Ndf3 Nd7 11. Nd3 Kh8 12. Bf4 Bxf4 13. Nxf4 g5 14. Nd3 dxc4
15. Nde5 Nb6 16. Rad1 Nd6 17. Nd2 Bd7 18. Ndxc4 Ndxc4 19. Nxc4 Nxc4 20. Qxc4
Rg8 21. Qb4 Rab8 22. Rd3 Qf8 23. Qa5 a6 24. f4 g4 25. Qe5+ Qg7 26. b4 Rgd8 27.
Rc1 Qxe5 28. dxe5 Be8 29. Rcd1 Rxd3 30. Rxd3 Kg8 31. e4 Kf7 32. Kf2 Ke7 33. Ke3
Bg6 34. a4 Be8 35. exf5 exf5 36. Rd6 Rd8 37. Rxd8 Kxd8 38. a5 Kc7 39. Bf1 Bf7
40. Kd4 Be8 41. Bc4 Bg6 42. Kc5 Be8 43. Bg8 1-0

[Event "Championnat de France - Vétérans"]
[Site "NANCY"]
[Date "2013.08.23"]
[Round "11.4"]
[White "Audiffren, Roger"]
[Black "Peyrin, Jean"]
[Result "1/2-1/2"]
[WhiteElo "1971"]
[BlackElo "1899"]
[PlyCount "91"]
[EventDate "2013.??.??"]

1. e4 c5 2. Nc3 Nc6 3. g3 g6 4. Bg2 Bg7 5. d3 d6 6. Nge2 e6 7. O-O Nge7 8. Be3
Nd4 9. Qd2 O-O 10. f4 Rb8 11. Bf2 Bd7 12. Rab1 Qa5 13. Rfd1 Nec6 14. a3 Nxe2+
15. Nxe2 Qxd2 16. Rxd2 Nd4 17. c3 Nxe2+ 18. Rxe2 b6 19. d4 cxd4 20. Bxd4 Bxd4+
21. cxd4 Bb5 22. Rd2 Rfd8 23. Rc1 Rbc8 24. Rdc2 Ba6 25. Bf1 Rxc2 26. Rxc2 Rc8
27. Rxc8+ Bxc8 28. Kf2 Kf8 29. Ke3 Ke7 30. d5 exd5 31. exd5 Kd8 32. h3 h6 33.
g4 g5 34. fxg5 hxg5 35. Bd3 Ke7 36. Kd4 Kf6 37. Be2 Kg6 38. Bf3 f5 39. Be2 Kf6
40. b4 Bd7 41. b5 Be8 42. a4 fxg4 43. Bxg4 Bg6 44. Bd1 Be8 45. Be2 Bd7 46. Bd1
1/2-1/2

[Event "Championnat de France - Vétérans"]
[Site "NANCY"]
[Date "2013.08.23"]
[Round "11.5"]
[White "Tilquin, Jean-Pierre"]
[Black "Tholey, Jean-Paul"]
[Result "1/2-1/2"]
[WhiteElo "1968"]
[BlackElo "1884"]
[PlyCount "107"]
[EventDate "2013.??.??"]

1. d4 Nf6 2. c4 g6 3. Nc3 d5 4. cxd5 Nxd5 5. e4 Nxc3 6. bxc3 Bg7 7. Bb5+ c6 8.
Ba4 O-O 9. Nf3 c5 10. Rb1 b6 11. O-O Bb7 12. Qd3 cxd4 13. cxd4 Ba6 14. Bb5 Bxb5
15. Rxb5 Nc6 16. Be3 Qd7 17. Rc1 Rac8 18. Rb3 e6 19. Qb5 Qb7 20. Rbc3 Ne7 21.
Nd2 Rxc3 22. Rxc3 Rc8 23. Rxc8+ Qxc8 24. Kf1 Qc6 25. Qb4 Bf8 26. Qc4 b5 27.
Qxc6 Nxc6 28. d5 exd5 29. exd5 Nb4 30. Bxa7 Nxd5 31. Nb1 Nb4 32. Nc3 Bg7 33.
Nxb5 Nxa2 34. Ke2 Nc3+ 35. Nxc3 Bxc3 36. Kd3 Ba1 37. Bd4 Bxd4 38. Kxd4 Kf8 39.
Ke5 Ke7 40. f4 f6+ 41. Kd5 h5 42. h4 Kd7 43. Ke4 Ke6 44. f5+ Kf7 45. fxg6+ Kxg6
46. Kf4 Kf7 47. Kf5 Kg7 48. Ke6 Kg6 49. g3 Kg7 50. Ke7 Kg6 51. Kf8 f5 52. Ke7
f4 53. gxf4 Kf5 54. Kd6 1/2-1/2